000
00274nam a2200121Ia 4500
100
_a
None
650
_a
Turner
942
_c
BK
654
_a
Turner unsolved papers
245
_a
Turner unsolved papers with syllabur
260
_b
New Heights
_a
New Delhi
546
_a
ENGLISH
999
_c
32875
_d
32875